Tarantula Trivia - Statistics

General Stats
  • This quiz has been taken 23 times
  • The average score is 10 of 21
Answer Stats
Hint Answer % Correct
Which tarantula sex lives longer (~30 years), males or females? Females
82%
The largest spider in the world by mass and body length is a New World tarantula with the scientific name Theraphosa blondi. What is its common name? Goliath birdeater
71%
Tarantulas can ______ lost limbs when they molt Regenerate
71%
New World tarantulas possess ____ ____, which they use as a defense mechanism Urticating hairs
65%
What class are tarantulas in? Arachnida
53%
Name the New World (Central American) tarantula species known for its long setae and docile nature (scientific name:Tliltocatl albopilosus) Curlyhair tarantula
53%
Name the New World (North American) tarantula species known for its bright red knees and popularity in the pet tarantula hobby (scientific name: Brachypelma smithi) Mexican redknee tarantula
53%
Name the Old World (central African) tarantula species known for its bright orange coloration, very aggressive behavior, and painful bite (scientific name: Pterinochilus murinus) Orange baboon tarantula
53%
What phylum are tarantulas in? Arthropoda
47%
Name the New World (South American) tarantula species known for its bright blue cephalothorax, blue legs, and brown abdomen (scientific name: Chromatopelma cyaneopubescens) Greenbottle blue tarantula
47%
These are the appendages with which a male tarantula inseminates a female tarantula (by using emboli) Pedipalps
47%
These are the silk-spinning organs of a tarantula Spinnerets
47%
What family are tarantulas in? Theraphosidae
47%
Name the Old World (east Asian) tarantula species known for its blue coloration, aggressive/defensive nature, and potent venom that can cause muscle cramps (scientific name: Cyriopagopus lividus) Cobalt blue tarantula
35%
Tarantulas are not considered "true spiders", instead they are _______ Mygalomorphs
35%
Name the New World (Caribbean) tarantula species known for its gorgeous, varied coloration consisting of black, brown, green, blue, pink, red, and purple (scientific name: Caribena versicolor) Antilles pinktoe tarantula
29%
What order are tarantulas in? Araneae
29%
What subphylum are tarantulas in? Chelicerata
29%
Male tarantulas may possess ____ ____ on their front pair of legs, which they use to keep the female's fangs at bay during mating Tibial hooks
29%
One thing that differentiates tarantulas from true spiders is the number ____ ____ they have Book lungs
18%
How many of the structures that are the answer to question 3 do tarantulas have? Four
18%
No matching quizzes found
Score Distribution
Percent of People with Each Score
Percentile by Number Answered
Your Score History
You have not taken this quiz